Govt. of
Madhya Pradesh

Ji Mantriji volume 2 (Record no. 31569)

MARC details
000 -LEADER
fixed length control field 004740000a22001810004500
003 - CONTROL NUMBER IDENTIFIER
control field MACL
005 - DATE AND TIME OF LATEST TRANSACTION
control field 20160128121644.0
008 - FIXED-LENGTH DATA ELEMENTS--GENERAL INFORMATION
fixed length control field 160128b xxu||||| |||| 00| 0 eng d
040 ## - CATALOGING SOURCE
Original cataloging agency MACL
Transcribing agency MACL
041 ## - LANGUAGE CODE
Language code of text/sound track or separate title English
082 ## - DEWEY DECIMAL CLASSIFICATION NUMBER
Classification number 827/LYN
100 ## - MAIN ENTRY--PERSONAL NAME
Personal name Lynn, Jonathan
9 (RLIN) 34767
245 ## - TITLE STATEMENT
Title Ji Mantriji volume 2
Remainder of title The diaries of Shri Suryaprakash Singh
260 ## - PUBLICATION, DISTRIBUTION, ETC. (IMPRINT)
Name of publisher, distributor, etc. Penguin Books
Place of publication, distribution, etc. New Delhi
Date of publication, distribution, etc. 2001
350 ## - PRICE (NR) (BK AM CF MU VM SE) [OBSOLETE]
Price 195
650 ## - SUBJECT ADDED ENTRY--TOPICAL TERM
Topical term or geographic name as entry element Humour
9 (RLIN) 34768
942 ## - ADDED ENTRY ELEMENTS (KOHA)
Koha item type Books
Call number prefix 827/LYN
Source of classification or shelving scheme
Holdings
Withdrawn status Lost status Source of classification or shelving scheme Damaged status Not for loan Home library Current library Date acquired Cost, normal purchase price Total Checkouts Total Renewals Full call number Barcode Date last seen Date last checked out Uniform Resource Identifier Price effective from Koha item type
          MACL MACL 15/04/2015 195.00 1 1 827/LYN CLC002060 05/03/2020 19/02/2020 31622 15/04/2015 Books